| 000 | 00848nam a2200229 a 4500 | ||
|---|---|---|---|
| 001 | BRCA_2345 | ||
| 005 | 20190320203753.0 | ||
| 008 | 091008s1994----caua---###---#000-0#eng-# | ||
| 020 | _a0295973722 | ||
| 050 | 4 |
_aNK4027 _b.R56 1994 |
|
| 100 | 1 |
_aRindge, Ronald L. _97042 |
|
| 245 | 1 | 0 |
_aCeramic Art of the Malibu Potteries 1926-1932 _cby Ronald L. Rindge and Thomas W. Doyle ... [et al.] ; edited by Marcia Page. |
| 260 |
_aMalibu, California _bThe Malibu Lagoon Museum _c1994 |
||
| 300 |
_a130 p. _bil. (algunas a color) _c27 cm. |
||
| 500 | _aIncluye índice de números e índice de ilustraciones | ||
| 504 | _aBibliografía : p. 123-124 | ||
| 650 | 1 | 4 |
_aCerámica americana _ySiglo XX _zMalibu _97043 |
| 650 | 1 | 4 |
_aMosaico _xHistoria _ySiglo XX _zMalibu _97044 |
| 700 | 1 |
_aDoyle, Thomas W _97045 |
|
| 700 | 1 |
_aPage, Marcia _97046 |
|
| 942 |
_2lcc _cB |
||
| 999 |
_c2088 _d2088 |
||